Zákon o cestovních náhradách s komentářem.

Náhrady pri pracovnej ceste. Náhrada pri preložení a prijatí. Náhrady za použitie cestných motorových vozidiel pri pracovných cestách. Náhrady pri zahraničných pracovných cestách. Zálohy a vyúčtovanie náhrad.

Gespeichert in:
Bibliographische Detailangaben
1. Verfasser: Malý, J.
Format: Buchkapitel
Sprache:Tschechisch
Schlagworte:
Tags: Tag hinzufügen
Keine Tags, Fügen Sie das erste Tag hinzu!

MARC

LEADER 00000naa a2200000 4500
001 r008312
005 20220831085100.9
041 0 |a cze 
044 |a [CS] 
245 1 0 |a Zákon o cestovních náhradách s komentářem.  |c J. Malý 
520 |a Náhrady pri pracovnej ceste. Náhrada pri preložení a prijatí. Náhrady za použitie cestných motorových vozidiel pri pracovných cestách. Náhrady pri zahraničných pracovných cestách. Zálohy a vyúčtovanie náhrad. 
610 2 0 |a náhrada výdavkov 
610 2 0 |a cesty pracovné 
610 2 0 |a predpisy právne 
610 2 0 |a zákony 
100 1 |a Malý, J.